System Modelling in Cellular Biology (Record no. 17275)
[ view plain ]
| 000 -LEADER | |
|---|---|
| fixed length control field | 00413nam a22001217a 4500 |
| 008 - FIXED-LENGTH DATA ELEMENTS--GENERAL INFORMATION | |
| fixed length control field | 181015b xxu||||| |||| 00| 0 eng d |
| 020 ## - INTERNATIONAL STANDARD BOOK NUMBER | |
| International Standard Book Number | 8120331723 |
| 050 ## - LIBRARY OF CONGRESS CALL NUMBER | |
| Classification number | QH585.5 |
| Item number | .S97 2006 c.1 |
| 245 ## - TITLE STATEMENT | |
| Title | System Modelling in Cellular Biology |
| Remainder of title | From Concepts to Nuts and Bolts |
| Statement of responsibility, etc. | edited by Zoltan Szallasi, Jorg Stelling & Vipul Periwal |
| 260 ## - PUBLICATION, DISTRIBUTION, ETC. (IMPRINT) | |
| Place of publication, distribution, etc. | India |
| Name of publisher, distributor, etc. | Prentice Hall |
| Date of publication, distribution, etc. | 2006 |
| 300 ## - PHYSICAL DESCRIPTION | |
| Extent | xiv, 448p. |
| 942 ## - ADDED ENTRY ELEMENTS (KOHA) | |
| Source of classification or shelving scheme | Library of Congress Classification |
| Koha item type | General Collection |
| Withdrawn status | Lost status | Source of classification or shelving scheme | Not for loan | Home library | Current library | Date acquired | Cost, normal purchase price | Total Checkouts | Full call number | Barcode | Date last seen | Price effective from | Koha item type |
|---|---|---|---|---|---|---|---|---|---|---|---|---|---|
| Library of Congress Classification | Kabarak, Main Campus | Kabarak, Main Campus | 15/10/2018 | 2200.00 | QH585.5 .S97 2006 c.1 | 022052 | 15/10/2018 | 15/10/2018 | General Collection |